LEADER 03340nam 2200613Ia 450 001 9910140591203321 005 20200520144314.0 010 $a1-118-21152-9 010 $a1-282-69036-1 010 $a9786612690365 010 $a0-470-56764-3 010 $a0-470-56763-5 035 $a(CKB)2670000000014706 035 $a(EBL)514371 035 $a(OCoLC)609862656 035 $a(SSID)ssj0000366205 035 $a(PQKBManifestationID)11290379 035 $a(PQKBTitleCode)TC0000366205 035 $a(PQKBWorkID)10414571 035 $a(PQKB)10462620 035 $a(MiAaPQ)EBC514371 035 $a(Au-PeEL)EBL514371 035 $a(CaPaEBR)ebr10383627 035 $a(CaONFJC)MIL269036 035 $a(PPN)186157746 035 $a(EXLCZ)992670000000014706 100 $a20090626d2010 uy 0 101 0 $aeng 135 $aur|n|---||||| 181 $ctxt 182 $cc 183 $acr 200 00$aStatistical bioinformatics$b[electronic resource] $ea guide for life and biomedical science researchers /$fedited by Jae K. Lee 210 $aHoboken, NJ $cWiley$dc2010 215 $a1 online resource (386 p.) 300 $aDescription based upon print version of record. 311 $a0-471-69272-7 320 $aIncludes bibliographical references and index. 327 $aSTATISTICAL BIOINFORMATICS; CONTENTS; PREFACE; CONTRIBUTORS; 1 ROAD TO STATISTICAL BIOINFORMATICS; 2 PROBABILITY CONCEPTS AND DISTRIBUTIONS FOR ANALYZING LARGE BIOLOGICAL DATA; 3 QUALITY CONTROL OF HIGH-THROUGHPUT BIOLOGICAL DATA; 4 STATISTICAL TESTING AND SIGNIFICANCE FOR LARGE BIOLOGICAL DATA ANALYSIS; 5 CLUSTERING: UNSUPERVISED LEARNING IN LARGE BIOLOGICAL DATA; 6 CLASSIFICATION: SUPERVISED LEARNING WITH HIGH-DIMENSIONAL BIOLOGICAL DATA; 7 MULTIDIMENSIONAL ANALYSIS AND VISUALIZATION ON LARGE BIOMEDICAL DATA; 8 STATISTICAL MODELS, INFERENCE, AND ALGORITHMS FOR LARGE BIOLOGICAL DATA ANALYSIS 327 $a9 EXPERIMENTAL DESIGNS ON HIGH-THROUGHPUT BIOLOGICAL EXPERIMENTS10 STATISTICAL RESAMPLING TECHNIQUES FOR LARGE BIOLOGICAL DATA ANALYSIS; 11 STATISTICAL NETWORK ANALYSIS FOR BIOLOGICAL SYSTEMS AND PATHWAYS; 12 TRENDS AND STATISTICAL CHALLENGES IN GENOMEWIDE ASSOCIATION STUDIES; 13 R AND BIOCONDUCTOR PACKAGES IN BIOINFORMATICS: TOWARDS SYSTEMS BIOLOGY; INDEX 330 $aThis book provides an essential understanding of statistical concepts necessary for the analysis of genomic and proteomic data using computational techniques. The author presents both basic and advanced topics, focusing on those that are relevant to the computational analysis of large data sets in biology. Chapters begin with a description of a statistical concept and a current example from biomedical research, followed by more detailed presentation, discussion of limitations, and problems. The book starts with an introduction to probability and statistics for genome-wide data, and moves into 606 $aBioinformatics$xStatistical methods 606 $aBiology$xData processing 615 0$aBioinformatics$xStatistical methods. 615 0$aBiology$xData processing. 676 $a570.285 701 $aLee$b Jae K$0901228 801 0$bMiAaPQ 801 1$bMiAaPQ 801 2$bMiAaPQ 906 $aBOOK 912 $a9910140591203321 996 $aStatistical bioinformatics$92014283 997 $aUNINA LEADER 01987nam 2200361 n 450 001 996393219203316 005 20231109225111.0 035 $a(CKB)4940000000112084 035 $a(EEBO)2240942277 035 $a(UnM)99871203e 035 $a(UnM)99871203 035 $a(EXLCZ)994940000000112084 100 $a19850620d1643 uh | 101 0 $aeng 135 $aurbn#|||a|bb| 200 10$aTwo ordinances of the Lords and Commons assembled in Parliament$b[electronic resource]$eOne concerning 23000 li. lately lent by the Lord Major, aldermen, and Commons of London, which they are willing yet a while longer to forbear, and have undertaken to doe their utmost endeavour to advance and lend 17000 li. more, to be forthwith sent to the army to supply the present pressing necessities thereof. The other concerning debts and rents of houses, to be gathered and paid to the collectors of the weekly assessment, due to such as refuse to pay, and where there is no sufficient distress to be found. Die Lunæ, 8 Maii, 1643. Ordered by the Lords and Commons assembled in Parliament, that these two ordinances shall be forthwith printed and published. John Browne Cler. Parliamento 210 $a[London] $cMay 9. Printed for John Wright, in the Old-Bailey$d1643 215 $a[8] p 300 $aPlace of publication from Wing. 300 $aThe ordinances are of 6 May, 1643. Cf. Lambert, S. Printing for Parliament, 1641-1700, p. 55. 300 $aReproduction of the original in the British Library. 330 $aeebo-0018 606 $aTaxation$xLaw and legislation$zGreat Britain$vEarly works to 1800 607 $aGreat Britain$xHistory$yCivil War, 1642-1649$vEarly works to 1800 615 0$aTaxation$xLaw and legislation 801 0$bCu-RivES 801 1$bCu-RivES 801 2$bCStRLIN 801 2$bWaOLN 906 $aBOOK 912 $a996393219203316 996 $aTwo ordinances of the Lords and Commons assembled in Parliament$92299709 997 $aUNISA LEADER 00732nam0-22002651i-450 001 9910854700603321 005 20240528095309.0 100 $a20000920d1970----km-y0itay50------ba 101 0 $aeng 102 $aUS 105 $aa---a---001yy 200 1 $aBiology of microorganisms$fThomas D. Brock, Michael T. Madigan 210 $aNew Jersey$cPrentice Hall$d1970 215 $a737 p.$d28 cm 610 0 $aMicrobiologia 676 $a579$v23$zita 700 1$aBrock,$bThomas D.$063291 702 1$aMadigan,$bMichael T. 801 0$aIT$bUNINA$gRICA$2UNIMARC 901 $aBK 912 $a9910854700603321 952 $aA MIC 1575$b7372/2024$fFAGBC 959 $aFAGBC 996 $aBiology of microorganisms$9373675 997 $aUNINA